000 00317nam a2200145Ia 4500
008 230917s9999||||xx |||||||||||||| ||und||
020 _cRS35
040 _e191884
_aMAIN
041 _aEnglish
082 _a891.4391 H128I
100 _aAbeeda Hakim
245 0 _aIntikhab-e-Hatam
260 _c1977
942 _cBK
999 _c213139
_d213139